Match US Video Game Companies to their Revenue - Statistics

General Stats
  • This quiz has been taken 14 times
  • The average score is 7 of 10
Answer Stats
Hint Extra Hint Answer % Correct
$5.8 billion Fortnite (2017) Epic Games
100%
$2.8 billion Roblox (2006) Roblox Corporation
82%
$29.8 billion God of War (2018) Sony Interactive Entertainment
82%
$7.6 billion The Sims 4 (2014) Electronic Arts
73%
$5.3 billion Grand Theft Auto (1998) Take-Two Interactive
73%
$671 million Pokemon Go (2016) Niantic
64%
$2.16 billion Beat Saber (2018) Oculus Studios
64%
$1.0 billion Magic: The Gathering Online (2002) Wizards of the Coast
64%
$21.5 billion Halo: Combat Evolved (2001) Microsoft Gaming
55%
$1.0 billion Monopoly Go! (2023) Scopely
55%
No matching quizzes found
Score Distribution
Percent of People with Each Score
Percentile by Number Answered
Your Score History
You have not taken this quiz